An introduction to cable roof structures /

Bibliographic Details
Main Author: Buchholdt, H. A. (Hans Anton), 1925-
Format: Book
Language:English
Published: London : Thomas Telford, [1999]
Edition:2nd ed.
Subjects:

MARC

Tag First Indicator Second Indicator Subfields
LEADER 00000cam a2200000 a 4500
001 in00001483421
005 20151021063615.0
008 981231s1999 enka 001 0 eng d
015 |a GB99-04181 
020 |a 0727726242 
035 |a (OCoLC)40610977 
035 |9 AJG4337AM 
040 |a UKM  |c UKM  |d UtOrBLW 
049 |a TXAM 
082 0 0 |a 624.1774  |2 21 
090 |a TH2417  |b B84 1999 
100 1 |a Buchholdt, H. A.  |q (Hans Anton),  |d 1925- 
245 1 3 |a An introduction to cable roof structures /  |c H. A. Buchholdt. 
250 |a 2nd ed. 
264 1 |a London :  |b Thomas Telford,  |c [1999] 
264 4 |c ©1999 
300 |a xiv, 285 pages :  |b illustrations ;  |c 24 cm. 
336 |a text  |b txt  |2 rdacontent 
337 |a unmediated  |b n  |2 rdamedia 
338 |a volume  |b nc  |2 rdacarrier 
500 |a Previous edition published: Cambridge: Press Syndicate of Cambridge, 1985. 
650 4 |a Cable structures  |x Design and construction. 
948 |a c:jh 
999 |a MARS 
999 f f |s 1e3365f2-8799-390d-9641-f3088f521d12  |i f6515c9f-edae-3caa-a156-65969bad0ccd  |t 0 
952 f f |p normal  |a Texas A&M University  |b College Station  |c Sterling C. Evans Library  |d Evans: Library Stacks  |t 0  |e TH2417 B84 1999  |h Library of Congress classification  |i unmediated -- volume  |m A14824160324 
998 f f |a TH2417 B84 1999  |t 0  |l Evans: Library Stacks